00601cam5a220018100 4500001001200000008004100012035002000053040000900073100003000082245005200112260002900164520007900193650003300272650006300305949002700368004000700395999001700402zam00005744970717n xx eng u a(Sirsi) r135744 dUPRA aHanmer, Lucia.6A107715.110aModern industrialization and structural change. aThe Hague :bISS,c1995. aExamines the relationship between industrialization and structural change. 4aIndustrialization.6S24598.1 4aIndustry -- Employment.xIndustry -- Employment.6S81484.110mINESORtBOOKlON-SHELF135744 c23905d23905